[Event "Vilnius Summer op-B"]
[Site "Vilnius"]
[Date "2024.08.01"]
[Round "1"]
[White "Mackevicius, Danielius"]
[Black "Novikovas, Anatolijus"]
[Result "0-1"]
[WhiteElo "1554"]
[BlackElo "1872"]
[PlyCount "62"]
[EventDate "2024.08.01"]
[EventType "swiss"]
[EventRounds "7"]
[EventCountry "LTU"]
[SourceTitle "EXT 2025"]
[Source "ChessBase"]
[SourceDate "2024.10.14"]
[SourceVersion "1"]
[SourceVersionDate "2024.10.14"]
[SourceQuality "1"]

1. d4 c6 2. c4 d5 3. Nf3 Nf6 4. Nc3 e6 5. Bf4 Bd6 6. Bxd6 Qxd6 7. e3 0-0 8. cxd5 exd5 9. Bd3 h6 10. Qc2 Re8 11. Rb1 Nbd7 12. b4 Nf8 13. b5 c5 14. dxc5 Qxc5 15. Ne2 Qb6 16. 0-0 Bg4 17. Nfd4 Rac8 18. Qb2 Bd7 19. Rfc1 Ne4 20. Rxc8 Rxc8 21. Bxe4 dxe4 22. Nc3 Re8 23. Rc1 Qd6 24. Nce2 Ng6 25. Rc3 Ne5 26. Nc1 Ng4 27. g3 Ne5 28. Qc2 Bg4 29. Qd2 Qf6 30. Qc2 Nf3+ 31. Nxf3 Qxf3 0-1